Panduan mengumpul duit lama

Bibliographic Details
Main Author: Muhammad Kassim Haji Ali (Author)
Format: Book
Published: Kuala Lumpur : Muzium Negara , 1976
Subjects:

MARC

LEADER 00000cam a2200000 7i4500
001 0000004155
005 20031202093000.0
008 021118s1976
090 0 0 |a CJ3626   |b .M437 
100 0 |a Muhammad Kassim Haji Ali ,   |e author 
245 0 0 |a Panduan mengumpul duit lama   |c Mohd Kassim Haji Ali 
260 2 |a Kuala Lumpur :   |b Muzium Negara ,   |c 1976 
300 |a viii, 60 ms. ;   |c 21 sm. 
650 0 |a Numismatics   |z Malaysia 
999 |a 1000007893   |b Book   |c OPEN SHELF (30 DAYS)   |e Gong Badak Campus 
999 |a 1000007894   |b Book   |c OPEN SHELF (30 DAYS)   |e Gong Badak Campus